Krajinársky návrh verejného priestranstva v obci Lozorno

Uložené v:
Podrobná bibliografia
Hlavný autor: Mundoková, Radka (Autor)
Ďalší autori: Výleta, Roman (Vedúci práce)
Médium: Rukopis Kniha
Jazyk:Slovak
Vydavateľské údaje: 2022
Predmet:
On-line prístup:http://is.stuba.sk/zp/portal_zp.pl?podrobnosti=159136
https://opac.crzp.sk/?fn=detailBiblioForm&sid=EC9507141B5FF6F04104C5C822A1
Tagy: Pridať tag
Žiadne tagy, Buďte prvý, kto otaguje tento záznam!

MARC

LEADER 00000ntm a22000003a 4500
001 stuzp90410
003 SK-STU
005 20230509095905.0
007 ta
008 150427s2015----xo-----f-mn---000-0-slo-d
040 |a STU  |b slo 
041 0 |a slo 
100 1 |a Mundoková, Radka  |u 010160  |4 aut  |U SvF Stavebná fakulta  |T SvF Katedra vodného hospodárstva krajiny  |X 99347  |U V160  |Y 16  |7 99347 
242 0 1 |a Landscape design of the public area in the village of Lozorno  |y eng 
245 1 0 |a Krajinársky návrh verejného priestranstva v obci Lozorno 
260 |c 2022 
650 4 |a krajinársky návrh  |2 slo 
650 4 |a verejné priestranstvo  |2 slo 
650 4 |a Lozorno  |2 slo 
650 4 |a SWOT analýza  |2 slo 
650 4 |a inventarizácia drevín  |2 slo 
650 4 |a landscape design  |2 eng 
650 4 |a public space  |2 eng 
650 4 |a Lozorno  |2 eng 
650 4 |a SWOT analysis  |2 eng 
650 4 |a tree inventory  |2 eng 
700 1 |a Výleta, Roman  |u 010160  |k Z1  |4 ths  |U SvF Stavebná fakulta  |T SvF Katedra vodného hospodárstva krajiny  |X 16811  |U V160  |Y 16  |7 A000016811 
856 4 |u http://is.stuba.sk/zp/portal_zp.pl?podrobnosti=159136 
856 4 |u https://opac.crzp.sk/?fn=detailBiblioForm&sid=EC9507141B5FF6F04104C5C822A1